Growing Cities in Vermont - Statistics

General Stats
  • This quiz has been taken 11 times
  • The average score is 4 of 5
Answer Stats
Population Population Gained City % Correct
44,743 2,330 Burlington
100%
8,074 222 Montpelier
89%
20,292 2,387 South Burlington
78%
10,590 1,299 Essex Junction
56%
7,997 735 Winooski
44%
No matching quizzes found
Score Distribution
Percent of People with Each Score
Percentile by Number Answered
Your Score History
You have not taken this quiz